00637nam a2200229 a 4500001001300000003000900013005001700022008004100039020000900080082001600089100002000105245002300125260003200148300000800180500003500188650002000223700002000243902000800263942000700271952011400278999001500392nice12345678IN_TiNIC20260116011622.0070618s1918 teha grp 000 0 per  ac1000a491.88bAMI aAmin, Amir Quli aHazar-O-yak Sukhan aTehranbNo Publisher c1918 a76p aincludes index and biblioraphy aPersian Sayings1 aAmin, Amir Quli bSRS cBK 001040708StackRoom-aHMIbHMId2007-06-18g10.00l0o491.88 AMIp04281r2007-06-18v10.00w2007-06-18yBK c2933d2933